000 01072cam a22003374a 4500
001 15665899
005 20260417070635.0
008 090318s2010 maua b 001 0 eng
010 _a 2009011613
016 7 _a101499393
_2DNLM
020 _a9780763761363
020 _a0763761362
035 _a15665899
035 _a(OCoLC)316421300
040 _aDNLM/DLC
_cDLC
_dYDX
_dNLM
_dBTCTA
_dYDXCP
_dUBY
_dDLC
042 _apcc
050 0 0 _aRJ58
_b.P45 2010
245 0 0 _aPediatric primary care case studies /
260 _aSudbury, Mass. :
_bJones and Bartlett Publishers,
_cc2010.
300 _axiii, 546 p. :
_bill. ;
_c23 cm.
504 _aIncludes bibliographical references and index.
650 0 _aPediatrics
_vCase studies.
650 1 2 _aPediatrics
_vProblems and Exercises.
650 2 2 _aPrimary Health Care
_vProblems and Exercises.
655 7 _aCase studies.
_2lcgft
700 1 _aBurns, Catherine E.
700 1 _aRichardson, Beth,
_cCPNP.
700 1 _aBrady, Margaret A.
906 _a7
_bcbc
_corignew
_d1
_eecip
_f20
_gy-gencatlg
942 _2lcc
_cBK
999 _c60369
_d60369